Những ngôi sao ban ngày

Salvato in:
Dettagli Bibliografici
Autore principale: Bergholtz, Olga
Natura: Libro
Lingua:Undetermined
Pubblicazione: Hà Nội Văn học 2003
Soggetti:
Tags: Aggiungi Tag
Nessun Tag, puoi essere il primo ad aggiungerne! !
Thư viện lưu trữ: Trung tâm Học liệu Trường Đại học Cần Thơ
LEADER 00494nam a2200181Ia 4500
001 CTU_93158
008 210402s9999 xx 000 0 und d
082 |a 891.743 
082 |b B416 
100 |a Bergholtz, Olga 
245 0 |a Những ngôi sao ban ngày 
245 0 |c Olga Bergholtz 
260 |a Hà Nội 
260 |b Văn học 
260 |c 2003 
650 |a Russian fiction ( vietnamese ) 
904 |i Trúc,Hải 
980 |a Trung tâm Học liệu Trường Đại học Cần Thơ